[Event "Ch City"]
[Site "masterchessopen.com Berlin (Germany)"]
[Round "2"]
[White "Figura Atila Gajo (GER)"]
[Black "Sondermann Johannes (GER)"]
[Result "1-0"]
[WhiteElo "2367"]
[BlackElo "2069"]

1.d4 d5 2.c4 c6 3.Nf3 Nf6 4.Nbd2 g6 5.g3 Bg7 6.Bg2 O-O 7.O-O Bf5 8.b3 a5 9.a3
a4 10.b4 Ne4 11.Bb2 b5 12.cxd5 cxd5 13.Ne1 Nc6 14.Nxe4 Bxe4 15.f3 Bf5 16.Rc1
Qb6 17.Rc5 Rfd8 18.g4 Bc8 19.Qd3 Ba6 20.f4 e6 21.Nf3 f5 22.gxf5 gxf5 23.Ng5
Ne7 24.Qe3 Bc8 25.Kh1 h6 26.Nf3 Ng6 27.Rg1 Kh7 28.Ne5 Nxe5 29.fxe5 Rg8 30.Bf3
Bd7 31.Bh5 Bh8 32.Bf7 Bg7 33.Bc1 Raf8 34.Bxg8+ Rxg8 35.Qg3 Be8 36.Bxh6 Kxh6
37.Qh4+ Bh5 38.Rg5 Kh7 39.Qxh5+ Bh6 40.Rxg8 Kxg8 {#r} 1-0

[Event "It (open)"]
[Site "masterchessopen.com Turin (Italy)"]
[Date "2010.04.22"]
[Round "2"]
[White "Cacinschi Alexandru (ITA)"]
[Black "Riccardi Mauro (ITA)"]
[Result "0-1"]
[WhiteElo "1959"]
[BlackElo "1808"]

1.d4 Nf6 2.c4 g6 3.Nf3 Bg7 4.g3 c6 5.Bg2 O-O 6.O-O d5 7.Nbd2 h6 8.e3 Be6 9.Qc2
Bf5 10.Qc3 Nbd7 11.b4 Ne4 12.Nxe4 Bxe4 13.Bd2 c5 14.cxd5 cxd4 15.Nxd4 Bxg2
16.Kxg2 Nf6 17.Qb3 Qxd5+ 18.Qxd5 Nxd5 19.a3 Rac8 20.Rac1 Nb6 21.Bc3 Rfd8
22.Nb5 Bxc3 23.Nxc3 a6 24.Ne4 Nc4 25.a4 b6 26.Rfd1 Rxd1 27.Rxd1 f5 28.Nc3
Nxe3+ 29.fxe3 Rxc3 30.Kf3 Rb3 31.Rd4 Kf7 32.h3 Ra3 {#R} 0-1

[Event "Ch Ontario (open)"]
[Site "masterchessopen.com Toronto (Canada)"]
[Date "2010.05.22"]
[Round "2"]
[White "Southam David (CAN)"]
[Black "Plotkin Victor (CAN)"]
[Result "0-1"]
[WhiteElo "2100"]
[BlackElo "2236"]

1.d4 d5 2.Nf3 Nf6 3.g3 g6 4.Bg2 Bg7 5.O-O O-O 6.c4 c6 7.Nbd2 Qb6 8.b3 Bf5
9.Bb2 Rd8 10.Rc1 Ne4 11.e3 Qa5 12.Nxe4 Bxe4 13.a4 Nd7 14.Bc3 Qc7 15.cxd5 Bxd5
16.Qc2 Nf6 17.Ng5 h6 18.Ne4 Nxe4 19.Bxe4 e5 20.dxe5 Bxe5 21.Bxd5 Rxd5 22.Rfd1
Rad8 23.Rxd5 Rxd5 24.Bxe5 Qxe5 25.Rd1 Qd6 26.Rxd5 Qxd5 27.e4 Qd4 28.Kf1 Kf8
29.Ke2 Ke7 30.f4 h5 31.Kf3 c5 32.Qc4 Qd1+ 33.Kf2 b6 34.h4 Qd2+ 35.Kf3 Qe1
36.Qd5 Qf1+ 37.Ke3 Kf8 38.Qd6+ Kg8 39.Qd8+ Kg7 40.Qd5 Qe1+ 41.Kf3 Qc3+ 42.Kf2
a6 43.Qc4 Qd2+ 44.Kf3 Qe1 45.Kg2 Qe3 46.Qd5 Qe2+ 47.Kg1 Qf3 48.Kh2 Qf2+ 49.Kh3
Qg1 50.e5 b5 51.axb5 axb5 52.Qf3 c4 53.bxc4 bxc4 54.Qc6 c3 55.Qf6+ Kg8 56.g4
hxg4# 0-1

[Event "Memorial V.Doroshkevich (open)"]
[Site "masterchessopen.com Belorechensk (Russia)"]
[Date "2010.05.28"]
[Round "7"]
[White "Elizarov Dmitry (RUS)"]
[Black "Barsamian Eduard (RUS)"]
[Result "1-0"]
[WhiteElo "2357"]
[BlackElo "2211"]

1.d4 d5 2.c4 c6 3.Nf3 Nf6 4.Nbd2 g6 5.g3 Bg7 6.Bg2 O-O 7.O-O Bf5 8.b3 Ne4
9.Bb2 Nd7 10.Nh4 Ndf6 11.Nxf5 gxf5 12.Nf3 Nd7 13.e3 e6 14.Qe2 a6 15.Ne1 Qg5
16.f3 Nef6 17.Nd3 Bh6 18.Rae1 Qh5 19.Ba3 Rfe8 20.h3 Qg6 21.Kh2 Kh8 22.Bd6 Rg8
23.g4 Rae8 24.Rg1 Bf8 25.Bf4 h5 26.gxf5 Qxf5 27.e4 dxe4 28.fxe4 Qh7 29.e5 Ng4+
30.hxg4 hxg4+ 31.Kg3 {#r} 1-0

[Event "Ch Bosnia & Herzegovina (team)"]
[Site "masterchessopen.com Bihac (Bosnia & Herzegovina)"]
[Date "2010.06.08"]
[Round "4"]
[White "Vukic Milan (BIH)"]
[Black "Kozul Zdenko (CRO)"]
[Result "0-1"]
[WhiteElo "2422"]
[BlackElo "2604"]

1.Nf3 d5 2.g3 g6 3.Bg2 c6 4.O-O Bg7 5.d4 Nf6 6.Nbd2 O-O 7.c4 Qb6 8.Qb3 Bg4
9.cxd5 cxd5 10.e3 Nc6 11.Ne5 Bf5 12.f4 Nb4 13.a3 Nc2 14.Ra2 Rfc8 15.h3 Rc7
16.g4 Be4 17.Qxb6 axb6 18.Nxe4 Nxe4 19.Nd3 Rac8 20.Kh2 e6 21.h4 Bf8 22.Kh3 b5
23.g5 Nd6 24.Rf2 Nf5 25.Re2 b4 26.axb4 Nxb4 27.Nxb4 Bxb4 {#R} 0-1

[Event "Tournament (open)"]
[Site "masterchessopen.com Sterlitamak (Russia)"]
[Date "2010.06.26"]
[Round "3"]
[White "Nikiforova Anna (RUS)"]
[Black "Saifutdinov Rustam (RUS)"]
[Result "1-0"]
[WhiteElo "1780"]
[BlackElo "1873"]

1.d4 Nf6 2.g3 g6 3.Bg2 d5 4.Nf3 Bg7 5.O-O O-O 6.Nbd2 c6 7.c4 Bg4 8.b3 Nbd7
9.Bb2 Qb6 10.Rc1 a5 11.c5 Qc7 12.a3 Rfe8 13.b4 axb4 14.axb4 Nf8 15.Ne5 N6d7
16.Nxg4 Ne6 17.Nf3 Ndf8 18.Qd2 Nd8 19.Nfe5 f6 20.Nd3 h5 21.Ne3 e5 22.Ra1 Rc8
23.Ra7 e4 24.Nf4 Qf7 25.b5 Rc7 26.Qb4 g5 27.Nh3 Qg6 28.Qb3 Rf7 29.Ra8 Nfe6
30.b6 f5 31.Nc2 Ref8 32.e3 f4 33.Nxg5 Qxg5 34.exf4 Nxf4 35.gxf4 Qxf4 36.Bc1
Qg4 37.Qg3 Qe2 38.Ne3 Kh7 39.Qd6 Rf6 40.Qg3 R6f7 41.Qd6 Rf6 42.Qd7 Rxf2 43.Qh3
Bxd4 44.Rxd8 Bxe3 45.Bxe3 Rxg2+ 46.Qxg2 Qxg2+ 47.Kxg2 Rxd8 48.Rf7+ Kg6 49.Rxb7
d4 50.Bxd4 Rxd4 51.Rc7 Rd2+ 52.Kf1 Kf5 53.Rxc6 Rb2 54.Rc7 Kf4 55.b7 e3 56.c6
Kf3 57.Rf7+ Ke4 58.Re7+ Kf3 59.Rxe3+ Kxe3 60.c7 Kf3 {#r} 1-0

[Event "It \"]
[Site "masterchessopen.com Berlin (Germany)"]
[Date "2010.07.15"]
[Round "5"]
[White "Figura Atila Gajo (GER)"]
[Black "Gebigke Martin (GER)"]
[Result "1-0"]
[WhiteElo "2367"]
[BlackElo "2212"]

1.Nf3 Nf6 2.g3 g6 3.d4 Bg7 4.Bg2 O-O 5.O-O d5 6.c4 c6 7.Nbd2 Bf5 8.b3 a5 9.a3
c5 10.Bb2 dxc4 11.bxc4 Ne4 12.e3 Nc6 13.Ra2 Nxd2 14.Qxd2 cxd4 15.exd4 Qc7
16.Qe3 e6 17.d5 exd5 18.Bxg7 Kxg7 19.cxd5 Nd8 20.g4 Bd7 21.g5 Qd6 22.Qd4+ Kg8
23.Nd2 Bf5 24.Nc4 Qe7 25.h4 f6 26.f4 fxg5 27.hxg5 Re8 28.Rb2 Ra6 29.d6 Qg7
30.Ne5 Kh8 31.Bxb7 Ne6 32.Nf7+ Kg8 33.Nh6+ Qxh6 34.gxh6 Nxd4 35.Bxa6 Kf7
36.Bc4+ Kf6 37.Rb7 Be6 38.Bxe6 Rxe6 39.d7 Ke7 40.d8=N+ Kxd8 41.Rxh7 {#r} 1-0

[Event "It (open)"]
[Site "masterchessopen.com Antalya (Turkey)"]
[Date "2010.07.18"]
[Round "6"]
[White "Buyukasik Diyap (TUR)"]
[Black "Gencoglu Anil (TUR)"]
[Result "1-0"]
[WhiteElo "2025"]
[BlackElo "1659"]

1.d4 Nf6 2.Nf3 g6 3.g3 Bg7 4.Bg2 O-O 5.O-O d5 6.c4 c6 7.Nbd2 Nbd7 8.b3 b6
9.Bb2 a5 10.Qc2 Ba6 11.e4 Nxe4 12.Nxe4 dxe4 13.Qxe4 c5 14.Rfe1 Re8 15.Rad1 Qc7
16.Qh4 Nf6 17.d5 Nh5 18.Bxg7 Kxg7 19.Re3 Bc8 20.d6 Qd8 21.Rxe7 Rxe7 22.Qxe7
Bg4 23.Ng5 Qxe7 24.dxe7 Re8 25.Re1 Bd7 26.Bd5 h6 27.Nxf7 Kf6 28.Nxh6 Kg7
29.Nf7 Kf6 30.Ne5 Rxe7 31.Nxd7+ Rxd7 32.Re6+ Kf5 33.Rxb6 Re7 34.h3 Ng7 35.Rc6
Re2 36.a4 Ne6 37.Bxe6+ Rxe6 38.Rxc5+ Ke4 39.Kg2 Kd3 40.Rxa5 Ke2 41.Rd5 Rf6
42.Re5+ Kd3 43.Re3+ {#r} 1-0

[Event "It (open)"]
[Site "masterchessopen.com Dieren (Netherlands)"]
[Date "2010.07.29"]
[Round "3"]
[White "Lambrechts Koen (NED)"]
[Black "De Jong Migchiel (NED)"]
[Result "0-1"]
[WhiteElo "2168"]
[BlackElo "2397"]

1.Nf3 Nf6 2.g3 g6 3.Bg2 Bg7 4.d4 O-O 5.O-O d5 6.Nbd2 c6 7.c4 Bf5 8.Qb3 Qb6
9.Qxb6 axb6 10.Ne5 Na6 11.cxd5 cxd5 12.a3 Rfc8 13.g4 Nxg4 14.Bxd5 Nxe5 15.dxe5
Rc7 16.Nf3 Nb4 17.Bb3 Bc2 18.Bd2 Bxb3 19.Bxb4 Bd5 20.Bc3 Ra4 21.Rfd1 e6 22.Rd2
Bh6 23.Rd4 b5 24.Rad1 Bf8 25.Ne1 Bxa3 26.Rxa4 bxa4 27.Ra1 Bf8 28.Rxa4 b5
29.Rf4 Ra7 30.Nc2 Ra2 31.f3 Bc5+ 32.Kg2 Bc4 33.Re4 h5 34.h4 Kg7 35.Kg3 Bd5
36.Rf4 Bb3 37.Nb4 Ra1 38.Nd3 Be7 {#R} 0-1

[Event "It (open)"]
[Site "masterchessopen.com Tibor (Czech Republic)"]
[Date "2010.08.01"]
[Round "1"]
[White "Petr Josef (CZE)"]
[Black "Sakar Milos (CZE)"]
[Result "0-1"]
[WhiteElo "1714"]
[BlackElo "2055"]

1.Nf3 Nf6 2.g3 d5 3.d4 c6 4.Bg2 g6 5.O-O Bg7 6.Nbd2 O-O 7.c4 Nbd7 8.cxd5 Nxd5
9.e3 a5 10.Rb1 Qc7 11.a3 b5 12.Qc2 Ba6 13.Re1 b4 14.Ng5 Qb6 15.Nb3 a4 16.Bxd5
cxd5 17.Nc5 b3 18.Qc3 Nxc5 19.Qxc5 Qxc5 20.dxc5 Bd3 21.Ra1 Rac8 22.Rd1 Bc4
23.Nf3 Be2 {#R} 0-1

[Event "It \"]
[Site "masterchessopen.com Uxbridge (England)"]
[Date "2010.08.15"]
[Round "9"]
[White "McNab Colin A (SCO)"]
[Black "Sen Subin (ENG)"]
[Result "1-0"]
[WhiteElo "2445"]
[BlackElo "2150"]

1.c4 Nf6 2.Nf3 g6 3.g3 Bg7 4.Bg2 O-O 5.O-O c6 6.d4 d5 7.Nbd2 a5 8.e3 dxc4
9.Nxc4 Be6 10.Qe2 Bd5 11.Rd1 Nbd7 12.Bh3 Ne4 13.Ne1 b5 14.Nd2 f5 15.Bg2 Nxd2
16.Bxd2 Bxg2 17.Nxg2 e5 18.Rac1 Qb6 19.dxe5 Bxe5 20.Bc3 Rad8 21.Rxd7 Rxd7
22.Bxe5 Rd5 23.Bd4 c5 24.Nf4 {#r} 1-0

[Event "Tournament (Elo)"]
[Site "masterchessopen.com Itu (Brazil)"]
[Date "2010.08.16"]
[Round "5"]
[White "Fonseca Luis Henrique Grana"]
[Black "Grillo Cloves Moises (BRA)"]
[Result "1-0"]
[WhiteElo "1566"]
[BlackElo "1869"]

1.Nf3 Nf6 2.g3 g6 3.Bg2 Bg7 4.O-O d5 5.d4 O-O 6.c4 c6 7.Nbd2 Nbd7 8.Re1 Re8
9.b3 e5 10.dxe5 Nxe5 11.Nxe5 Rxe5 12.Bb2 Re8 13.cxd5 Nxd5 14.Bxg7 Kxg7 15.Nc4
Nc3 16.Qc2 Nb5 17.a4 Nd4 18.Qb2 Qf6 19.e3 Ne6 20.Qxf6+ Kxf6 21.Red1 Ke7 22.a5
Nc5 23.b4 Na6 24.b5 cxb5 25.Nd6 Rd8 26.Nxc8+ Raxc8 27.Bxb7 Nc5 28.Bxc8 Rxc8
29.Rac1 Ke6 30.Rd4 a6 31.f4 f5 32.Kg2 Rc7 33.Rd8 Rc6 34.Rd4 Rc7 35.Kf3 Rc8
36.h3 h6 37.g4 h5 38.gxf5+ gxf5 39.e4 fxe4+ 40.Rxe4+ Kd6 41.Re5 Rc6 42.Rxh5 b4
43.Rh6+ Kc7 44.Rxc6+ Kxc6 45.h4 Kb5 46.h5 Nd7 47.h6 Nf6 48.f5 b3 49.Kf4 Kxa5
50.Kg5 Nh7+ 51.Kg6 Nf8+ 52.Kg7 {#r} 1-0

[Event "It (open)"]
[Site "masterchessopen.com Latschach (Austria)"]
[Date "2010.08.20"]
[Round "8"]
[White "Binder Michael (AUT)"]
[Black "Skok Joze (SLO)"]
[Result "1-0"]
[WhiteElo "2294"]
[BlackElo "2033"]

1.d4 Nf6 2.Nf3 g6 3.g3 Bg7 4.Bg2 d5 5.O-O O-O 6.c4 c6 7.Nbd2 Ne4 8.e3 Nxd2
9.Nxd2 dxc4 10.Nxc4 Be6 11.b3 Bd5 12.Bb2 Nd7 13.Qc2 Bxg2 14.Kxg2 Nb6 15.Rfd1
Qc7 16.Rac1 Rac8 17.Ba1 Rfd8 18.Qe4 Qd7 19.Kg1 Bf6 20.Nb2 Qf5 21.Qxf5 gxf5
22.Nd3 e6 23.Kf1 Be7 24.Ke2 Nd5 25.Bb2 Nb4 26.Nxb4 Bxb4 27.h3 f6 28.g4 fxg4
29.hxg4 h6 30.Rc4 Bf8 31.Rh1 Kf7 32.Bc1 Kg6 33.Bd2 Rd7 34.Rc2 Rcd8 35.f3 Rd5
36.b4 a6 37.Bc3 Bg7 38.Rg1 e5 39.Rd2 exd4 40.Rxd4 Rxd4 41.Bxd4 Bf8 42.Rb1 Rd5
43.Kd3 Rd7 44.Kc3 Bd6 45.a4 Re7 46.Rh1 Be5 47.Re1 Bxd4+ 48.Kxd4 b6 49.Rc1 Rd7+
50.Ke4 Rd6 51.Kf4 Re6 52.e4 Rd6 53.Ke3 Kg5 54.a5 b5 55.Rc5+ Kg6 56.f4 Kf7
57.Rc2 Kg6 58.Rd2 Rxd2 59.Kxd2 h5 60.gxh5+ Kxh5 61.Ke3 Kg4 62.e5 fxe5 63.fxe5
Kf5 64.Kd4 Ke6 65.Kc5 Kxe5 66.Kxc6 Ke6 67.Kb6 Kd6 68.Kxa6 Kc6 69.Ka7 Kc7 70.a6
{#r} 1-0

[Event "Ch Italy (juniors) (under 20)"]
[Site "masterchessopen.com Bratto (Italy)"]
[Date "2010.08.21"]
[Round "2"]
[White "Lapenna Antonio (ITA)"]
[Black "Valsecchi Alessio (ITA)"]
[Result "0-1"]
[WhiteElo "2124"]
[BlackElo "2331"]

1.Nf3 d5 2.d4 Nf6 3.g3 c6 4.Bg2 g6 5.O-O Bg7 6.Nbd2 O-O 7.c4 dxc4 8.Nxc4 Be6
9.b3 a5 10.Ng5 Bd5 11.e4 Bxc4 12.bxc4 h6 13.Nh3 Ne8 14.e5 c5 15.Bxb7 Ra7
16.Bd5 e6 17.Bg2 cxd4 18.Ba3 Bxe5 19.Bxf8 Kxf8 20.Qd2 Bg7 21.Nf4 Na6 22.Nd3
Nd6 23.Rfc1 Qc7 24.a4 Nc5 25.Nxc5 Qxc5 26.Rab1 Rc7 27.Qb2 f5 28.Qb6 Ke7
29.Qxc5 Rxc5 30.Bf1 e5 31.Kg2 e4 32.Rb6 d3 33.Ra6 Bd4 34.Ra7+ Ke6 35.Rb1 Rxc4
36.Rxa5 Rc2 37.Rd1 Rxf2+ 38.Kh1 Rxf1+ 39.Rxf1 e3 40.Rb5 Nxb5 41.axb5 e2 42.Re1
Bf2 43.b6 Bxe1 44.b7 Bxg3 {#R} 0-1

[Event "Memorial A.Rubinstein (open) (a)"]
[Site "masterchessopen.com Polanica Zdroj (Poland)"]
[Date "2010.08.25"]
[Round "7"]
[White "Rychlik Piotr (POL)"]
[Black "Klepaczka Tomasz (POL)"]
[Result "0-1"]
[WhiteElo "2114"]
[BlackElo "2113"]

1.Nf3 Nf6 2.g3 g6 3.Bg2 Bg7 4.d4 O-O 5.O-O d5 6.Nbd2 c6 7.c4 Bf5 8.Ne5 Qb6
9.e3 Rd8 10.g4 Bc8 11.c5 Qc7 12.f4 Ne8 13.Qf3 Nd7 14.Qg3 b6 15.b4 f6 16.Nxd7
Bxd7 17.Qf3 Be6 18.Nb3 Bf7 19.Bb2 Qd7 20.h4 Be6 21.g5 Nc7 22.Rfc1 Bf5 23.Qf1
h6 24.cxb6 axb6 25.a4 fxg5 26.hxg5 hxg5 27.a5 bxa5 28.Nc5 Qc8 29.Rxa5 gxf4
30.Qxf4 Nb5 31.Rca1 Rb8 32.Rf1 Nd6 33.Bc3 Rf8 34.Qg3 Rf7 35.Ra2 Nb5 36.Bb2 Nd6
37.Bc3 Ra8 38.Ra5 Nc4 39.Rxa8 Qxa8 40.e4 dxe4 41.Bxe4 Nd6 42.Bxf5 Nxf5 43.Qxg6
Rf6 44.Qg5 Qe8 45.Rxf5 Rg6 46.Kf2 Rxg5 47.Rxg5 Qf7+ 48.Ke2 Kh7 49.Rg3 Qc4+
50.Rd3 Bh6 51.Kf3 Kg6 52.Ke2 Kf7 53.Nd7 Qa2+ 54.Kf3 Qd5+ {#R} 0-1

[Event "It (cat.9)"]
[Site "masterchessopen.com Rosenheim (Germany)"]
[Round "5"]
[White "Kraemer Martin (GER)"]
[Black "Levin Evgeny A (RUS)"]
[Result "1-0"]
[WhiteElo "2516"]
[BlackElo "2483"]

1.d4 Nf6 2.c4 g6 3.g3 c6 4.Bg2 d5 5.Nd2 Bg7 6.Ngf3 O-O 7.O-O Bf5 8.b3 Ne4
9.Bb2 Nd7 10.e3 Rc8 11.Qe2 Nxd2 12.Nxd2 e5 13.dxe5 Nxe5 14.Bxe5 Bxe5 15.Rad1
Qa5 16.cxd5 cxd5 17.e4 dxe4 18.Nc4 Qa6 19.Bxe4 Bxe4 20.Qxe4 Bg7 21.a4 Rcd8
22.Rd5 Rfe8 23.Qd3 Bf6 24.Rd1 Rxd5 25.Qxd5 Re7 26.Qc5 Re6 27.Rd7 Re1+ 28.Kg2
Qe6 29.Qc8+ Kg7 30.Qxb7 Be7 31.Qd5 Qf6 32.Ne3 h5 33.Qd2 Qc6+ 34.Qd5 Qf6 35.h4
a6 36.Qd2 Qc6+ 37.Qd5 Qf6 38.Rc7 Bb4 39.Rc4 a5 40.Rf4 Qe6 41.Qxe6 fxe6 42.Nc2
e5 43.Rxb4 {#r} 1-0

[Event "It (open)"]
[Site "masterchessopen.com Parla (Spain)"]
[Date "2010.09.05"]
[Round "2"]
[White "Ballesteros David (ESP)"]
[Black "Rodriguez Dorado Victor (ESP)"]
[Result "1-0"]
[WhiteElo "2196"]
[BlackElo "1923"]

1.d4 Nf6 2.Nf3 g6 3.Nbd2 d5 4.c4 c6 5.g3 Bg7 6.Bg2 O-O 7.O-O Na6 8.Ne5 Ng4
9.Nxg4 Bxg4 10.cxd5 cxd5 11.h3 Be6 12.Nf3 Qb6 13.a4 Rac8 14.a5 Qb5 15.Ra3 Rc4
16.Bg5 f6 17.Bd2 Bf7 18.Rb3 Qd7 19.Bc3 Rc7 20.Ra3 Rfc8 21.Qd2 Rc4 22.Qd3 Bf8
23.Raa1 Nb4 24.Qd1 e6 25.Nd2 R4c7 26.e4 f5 27.exf5 exf5 28.Nf3 Nc6 29.Re1 Bg7
30.a6 b6 31.Qb3 h6 32.Qa3 g5 33.Qa4 g4 34.hxg4 fxg4 35.Nh2 h5 36.Nf1 h4
37.gxh4 Qd8 38.Ne3 Qxh4 39.Nf5 Qf6 40.Nxg7 Kxg7 41.Qd1 Qh4 42.Re3 Rh8 43.Rg3
Bh5 44.Bxd5 Ne7 45.Be4 Ng6 46.d5+ Rxc3 47.bxc3 Rf8 48.Qd4+ Kg8 49.Bxg6 Bxg6
50.Qxg4 Qxg4 51.Rxg4 Kh7 52.Re1 Bf5 53.Re7+ Kh6 54.Rg3 Rd8 55.c4 Rd6 56.Rxa7
{#r} 1-0

[Event "It (open) \"]
[Site "masterchessopen.com Tatranske Zruby (Slovakia)"]
[Date "2010.10.02"]
[Round "1"]
[White "Bucek Eduard (SVK)"]
[Black "Hronik Petr (CZE)"]
[Result "0-1"]
[WhiteElo "2041"]
[BlackElo "1978"]

1.d4 d5 2.g3 Nf6 3.Bg2 c6 4.Nf3 g6 5.O-O Bg7 6.Nbd2 O-O 7.c4 Nbd7 8.Qb3 Qb6
9.e3 Re8 10.cxd5 Qxb3 11.Nxb3 cxd5 12.Bd2 b6 13.Rfd1 Ba6 14.Bf1 Bxf1 15.Kxf1
Rac8 16.Rac1 a5 17.Be1 Ne4 18.a4 e6 19.Nbd2 Nd6 20.b3 Bf8 21.Ne5 Nxe5 22.dxe5
Nb7 23.e4 Nc5 24.exd5 exd5 25.f4 Nd3 26.Rxc8 Rxc8 27.Nf3 Nxe1 28.Nxe1 Rc3
29.Rd3 Rc1 30.Ke2 Bb4 31.Rd1 Rc5 32.Nd3 Rc2+ 33.Ke3 Bc3 34.h3 h5 35.g4 Rh2
36.Nf2 Bb4 37.Rxd5 Bc5+ 38.Rxc5 bxc5 39.gxh5 gxh5 40.Kf3 h4 41.f5 Kf8 42.Ke3
Rg2 43.Ne4 Rc2 44.Kd3 Rh2 45.Ng5 Rg2 46.Ne4 Rh2 47.Ng5 Rf2 48.Ke4 Rb2 49.Kd5
Rxb3 50.Kxc5 Rg3 51.Nh7+ Ke7 52.Nf6 Rxh3 53.Nd5+ Kf8 54.e6 fxe6 55.Nf4 Rg3
56.fxe6 Ke7 57.Kc6 Rg4 {#R} 0-1

[Event "It (open)"]
[Site "masterchessopen.com Goch (Germany)"]
[Date "2010.10.03"]
[Round "6"]
[White "Busch Christian (GER)"]
[Black "Hintze Helge (GER)"]
[Result "0-1"]
[WhiteElo "2121"]
[BlackElo "2357"]

1.d4 g6 2.g3 d5 3.Bg2 Bg7 4.Nf3 Nf6 5.O-O O-O 6.Nbd2 c6 7.c4 Bf5 8.b3 Ne4
9.Bb2 Qa5 10.a3 Rc8 11.Rc1 Qd8 12.Nh4 Nxd2 13.Qxd2 Be6 14.cxd5 cxd5 15.Rxc8
Qxc8 16.Rc1 Nc6 17.f4 Qd7 18.Nf3 f6 19.Ne1 Bf5 20.Nd3 e6 21.Nf2 Rd8 22.Rd1 h5
23.h3 Kf7 24.e3 g5 25.fxg5 fxg5 26.Rf1 Kg8 27.Kh2 Qe7 28.Nd3 Qc7 29.Bf3 h4
30.Rg1 Rf8 31.Ne1 Kh7 32.b4 Bh6 33.Qg2 Ne7 34.Kh1 Qc4 35.e4 dxe4 36.Bxe4 hxg3
37.Bxb7 Nd5 38.Qxg3 Be4+ 39.Ng2 Rf3 40.Bxd5 Qxd5 41.Qc7+ Bg7 42.Kh2 Rf2 {#R}
0-1

[Event "Tournament (team)"]
[Site "masterchessopen.com Constanza (Romania)"]
[Date "2010.10.09"]
[Round "8"]
[White "Torok Francisc (ROM)"]
[Black "Grigore George-Gabriel (ROM)"]
[Result "0-1"]
[WhiteElo "2204"]
[BlackElo "2536"]

1.g3 g6 2.Bg2 Bg7 3.d4 d5 4.Nf3 Nf6 5.O-O O-O 6.Nbd2 c6 7.c4 a5 8.e3 a4 9.h3
Qa5 10.cxd5 cxd5 11.Nb1 Nc6 12.Bd2 Qa6 13.Nc3 Rd8 14.g4 h5 15.gxh5 Nxh5 16.Re1
a3 17.Bf1 Qb6 18.Qb3 Qb4 19.Nb5 Qxb3 20.axb3 a2 21.Nc3 Nf6 22.Rec1 Ne4 23.Be1
e5 24.dxe5 Nxe5 25.Nd4 Ng5 26.Bd3 Nef3+ 27.Nxf3 Nxf3+ 28.Kg2 d4 29.exd4 Nxd4
30.Bc4 Bd7 31.b4 b5 32.Bd5 Bxh3+ 33.Kxh3 Rxd5 34.Rxa2 Ne2 35.Rc2 Rd3+ 36.Kg2
Nf4+ 37.Kg1 Re8 38.Ra1 Bxc3 39.bxc3 Re5 40.c4 Rg5+ 41.Kf1 Rh5 {#R} 0-1

[Event "Ch England (active) (team)"]
[Site "masterchessopen.com Newport Pagnell (England)"]
[Date "2010.10.09"]
[Round "4"]
[White "Poobalasingam Peter (ENG)"]
[Black "Sen Subin (ENG)"]
[Result "1-0"]
[WhiteElo "2332"]
[BlackElo "2150"]

1.d4 Nf6 2.c4 g6 3.g3 c6 4.Bg2 d5 5.Nd2 Bg7 6.Ngf3 O-O 7.O-O a5 8.b3 a4 9.b4
b5 10.cxb5 cxb5 11.Ne5 Qb6 12.Bb2 Bb7 13.Rc1 Nbd7 14.Bh3 e6 15.Nd3 Rfc8 16.Nc5
Nxc5 17.dxc5 Qd8 18.Nf3 Bc6 19.a3 Ra7 20.Be5 Ne8 21.Bxg7 Nxg7 22.Qd4 Qe7
23.Ne5 f6 24.Nxc6 Rxc6 25.e4 dxe4 26.Qxe4 Rcc7 27.Rfd1 Rd7 28.Rxd7 Qxd7 29.Qe2
Rc7 30.Rd1 Qe8 31.Rd6 Rc6 32.Qd3 Rxd6 33.Qxd6 Nf5 34.Bxf5 exf5 35.Qd5+ Kg7
36.c6 Qe1+ 37.Kg2 Qc3 38.Qc5 Qd3 39.Qe7+ Kh6 40.Qe3+ {#r} 1-0

[Event "Ch England (active)"]
[Site "masterchessopen.com Newport Pagnell (England)"]
[Date "2010.10.10"]
[Round "2"]
[White "Arkell Keith C (ENG)"]
[Black "Sen Subin (ENG)"]
[Result "1-0"]
[WhiteElo "2439"]
[BlackElo "2150"]

1.d4 Nf6 2.Nf3 g6 3.c4 Bg7 4.g3 O-O 5.Bg2 c6 6.O-O d5 7.Nbd2 a5 8.e3 a4 9.Ne5
Nbd7 10.Nd3 Nb6 11.c5 Nbd7 12.Nf3 Ne8 13.Qe2 Nc7 14.Bd2 e6 15.b4 axb3 16.axb3
Rxa1 17.Rxa1 Qe7 18.e4 dxe4 19.Qxe4 Nd5 20.Ra7 Re8 21.h4 h6 22.Nfe5 Nxe5
23.Nxe5 Qc7 24.Bf1 Qb8 25.Ra2 f5 26.Qe1 Bxe5 27.dxe5 Kh7 28.Bc4 Bd7 29.Bxd5
cxd5 30.Qe3 g5 31.hxg5 hxg5 32.Qxg5 Qxe5 33.Qh6+ Kg8 34.Bg5 Qg7 35.Qh5 Rc8
36.b4 Be8 37.Qh4 Qg6 38.Re2 Bf7 39.Bf6 Qh7 40.Qg5+ Kf8 41.Be5 Qg6 42.Bd6+ Kg7
43.Qf4 Kg8 44.Ra2 Be8 45.f3 Bc6 46.Rh2 Kf7 47.Rh6 Qg7 48.Be5 Qg8 49.Qh4 Ke8
50.Rh7 Qf8 51.Bd6 {#r} 1-0

[Event "Czech League 2010/11 (krajsky prebor)"]
[Site "masterchessopen.com Czech Republic"]
[Date "2010.10.24"]
[Round "2"]
[White "Krejcirik Radim (CZE)"]
[Black "Vranova Jarmila (CZE)"]
[Result "1-0"]
[WhiteElo "1824"]
[BlackElo "1764"]

1.d4 Nf6 2.c4 c6 3.g3 d5 4.Nd2 g6 5.Bg2 Bg7 6.Ngf3 O-O 7.O-O Bf5 8.Qb3 Qd7
9.Ne5 Qc8 10.f3 dxc4 11.Ndxc4 Be6 12.Qa3 Qd8 13.Be3 Nbd7 14.Bf2 Nxe5 15.Nxe5
Nd7 16.Nd3 Re8 17.b3 a6 18.Nf4 Nf8 19.Rad1 g5 20.Nxe6 Nxe6 21.e3 Nc7 22.Qc5 e6
23.Qb6 Rb8 24.Qc5 h6 25.Qc2 Qe7 26.Bh3 Rbd8 27.f4 gxf4 28.gxf4 Nd5 29.Kh1 Kh8
30.Rg1 Bf6 31.Qd2 Bh4 32.e4 Bxf2 33.Qxf2 Nc3 34.Qg3 Rg8 35.Qxc3 Qf6 36.Rxg8+
Rxg8 37.Qe3 {#r} 1-0

[Event "It (open)"]
[Site "masterchessopen.com Piestany (Slovakia)"]
[Date "2010.11.20"]
[Round "8"]
[White "Petran Peter (SVK)"]
[Black "Kvassay Peter (SVK)"]
[Result "1-0"]
[WhiteElo "2330"]
[BlackElo "2051"]

1.g3 g6 2.Bg2 Bg7 3.d4 d5 4.Nf3 Nf6 5.c4 c6 6.Nbd2 O-O 7.O-O Nbd7 8.b3 e6
9.Bb2 b6 10.Qc2 Bb7 11.b4 Qe7 12.a4 Rfc8 13.Qb3 Bf8 14.a5 bxa5 15.bxa5 Ba6
16.Ba3 Qd8 17.Bxf8 Qxf8 18.Rfc1 Rab8 19.Qa3 Qxa3 20.Rxa3 c5 21.cxd5 Nxd5 22.e4
N5f6 23.Rac3 cxd4 24.Rxc8+ Rxc8 25.Rxc8+ Bxc8 26.Nxd4 Nc5 27.Nc6 Bb7 28.Nxa7
Nfxe4 29.Nxe4 Nxe4 30.a6 Bd5 31.Nb5 Nc5 32.a7 Ne4 33.Nc7 Bb7 34.Bxe4 Bxe4
35.a8=Q+ Bxa8 36.Nxa8 Kf8 37.Nb6 Ke7 38.Nc4 f6 39.Kf1 e5 40.Ke2 Ke6 41.Ne3 f5
42.f3 Kf6 43.Kd3 Kg5 44.Nc4 e4+ 45.fxe4 fxe4+ 46.Kxe4 Kg4 47.Nd2 Kh3 48.Nf3 h6
49.Kf4 g5+ 50.Nxg5+ Kxh2 51.Nf3+ Kh3 52.g4 Kg2 53.Nh4+ {#r} 1-0

[Event "It (open) (under 2000)"]
[Site "masterchessopen.com Benidorm (Spain)"]
[Date "2010.12.05"]
[Round "3"]
[White "Zabala Perez Aritz (ESP)"]
[Black "Moragrega Herrero Juan J (ESP)"]
[Result "0-1"]
[WhiteElo "1907"]
[BlackElo "1986"]

1.Nf3 d5 2.d4 g6 3.g3 Bg7 4.Bg2 Nf6 5.O-O O-O 6.c4 c6 7.Nbd2 Nbd7 8.Re1 Nb6
9.b3 Nh5 10.e4 dxe4 11.Nxe4 Nd7 12.Ba3 Re8 13.Qe2 Nhf6 14.Rad1 Qa5 15.Nxf6+
Bxf6 16.Bd6 Nf8 17.Be5 Bd7 18.Bxf6 exf6 19.Qd2 Qxd2 20.Nxd2 f5 21.b4 Be6 22.d5
cxd5 23.cxd5 Bd7 24.Nc4 Ba4 25.Rc1 Red8 26.Na5 Rab8 27.Rc7 Rd7 28.Re7 Rxe7
29.Rxe7 Nd7 30.d6 Rc8 31.Bxb7 Rc1+ 32.Kg2 Rd1 33.Re8+ Kg7 34.Ra8 Bb5 35.h4 Ne5
36.f3 Rd2+ 37.Kg1 a6 38.a4 Bxa4 39.Rxa6 Bb5 40.Rb6 Ba4 41.Kf1 Nd7 42.Ke1 Rd1+
{#R} 0-1

[Event "Ch Europe (active)"]
[Site "masterchessopen.com Warsaw (Poland)"]
[Date "2010.12.18"]
[Round "2"]
[White "Maiorov Nikita (BLR)"]
[Black "Nasuta Grzegorz (POL)"]
[Result "1-0"]
[WhiteElo "2546"]
[BlackElo "2130"]

1.d4 Nf6 2.c4 g6 3.Nf3 Bg7 4.g3 O-O 5.Bg2 d5 6.O-O c6 7.Nbd2 Nbd7 8.b3 e5
9.dxe5 Ng4 10.Bb2 Ngxe5 11.Nxe5 Nxe5 12.cxd5 cxd5 13.Bd4 Bf5 14.Nf3 Nxf3+
15.Bxf3 Be4 16.Bg2 Re8 17.e3 Qe7 18.Bxg7 Kxg7 19.Qd4+ Qf6 20.Rfd1 Rac8
21.Qxf6+ Kxf6 22.Rd2 Rc3 23.Rad1 Rec8 24.g4 Bxg2 25.Kxg2 Rc2 26.h4 Rxd2
27.Rxd2 Ke6 28.Kf3 Rc1 29.g5 Rh1 30.Rd4 Ra1 31.Ra4 a6 32.Rb4 b5 33.a4 bxa4
34.bxa4 a5 35.Rf4 Ra2 36.Kg2 Ra1 37.Kg3 Ra3 38.Kg4 Ra1 39.Rd4 Ra2 40.Kf3 Rb2
41.Rf4 Ra2 42.Kg4 Ra1 43.Rd4 Rb1 44.Kf3 Ra1 45.e4 dxe4+ 46.Rxe4+ Kd6 47.Rf4
Ke6 48.Ke2 Ra2+ 49.Kd3 Ke5 50.Rxf7 Rxa4 51.Rxh7 Kf5 52.f3 Ra3+ 53.Kd4 Kf4
54.Rf7+ Kg3 55.h5 Ra4+ 56.Ke5 gxh5 57.g6 Rb4 58.g7 Rb5+ 59.Kf6 Rb6+ 60.Kg5
Rb5+ 61.Kh6 Rb8 62.Rf8 Rb6+ 63.Kxh5 Rb5+ 64.Kh6 Rb6+ 65.Kh7 Rb7 {#r} 1-0